000 00510pab a2200181 454500
008 180718b2008 xxu||||| |||| 00| 0 eng d
100 _aDjurfeldt, Gora et al.
245 _aAgrarian change and social mobility in Tamil Nadu
260 _c2008
300 _ap.50-61.
362 _a8 Nov
650 _aSocial mobility - India - Tamil Nadu
650 _aAgrarian structure - India - Tamil Nadu
650 _aAgrarian structure
773 _aEconomic and Political Weekly
908 _aN
909 _a80022
999 _c80022
_d80022